000 01004cam a2200253 4500
001 agr68000034
003 DLC
005 20260227111028.0
008 700202s1967 dcua 000 0 eng c
010 _aagr68000034
040 _aU.S. Nat'l Agr. Libr.
_cDLC
_dDLC
050 1 0 _aTX7
_b.U6 no. 134
070 0 _a1 Ag84Hg no. 134
110 1 _aUnited States.
_bEntomology Research Division.
245 1 0 _aControlling clover mites around the home.
260 _a[Washington,
_bU.S. Govt. Print. Off.,
_c1967]
300 _a[4] p.
_billus.
_c24 cm.
490 1 _aUnited States. Dept. of Agriculture. Home and garden bulletin
_vno. 134
500 _aSupersedes its Clover mites; how to control them around homes, issued as U.S. Dept. of Agriculture. Leaflet no. 443.
650 0 _aBryobia praetiosa
_xControl.
650 3 _aBryobia praetiosa.
710 1 _aUnited States.
_bEntomology Research Division.
_tClover mites; how to control them around homes.
830 0 _aHome and garden bulletin ;
_vno. 134.
999 _c12350
_d12350